000
00206nam a22000977a 4500
999
_c
65136
_d
65133
082
_a
297.03UPL
100
_a
University Of punjab
245
_a
Encyclopedia of Islam In urdu
250
_a
VOL 20
942
_c
BK